| 000 -LEADER |
| fixed length control field |
00819nam a22001577a 4500 |
| 003 - CONTROL NUMBER IDENTIFIER |
| control field |
OSt |
| 005 - DATE AND TIME OF LATEST TRANSACTION |
| control field |
20151006155556.0 |
| 008 - FIXED-LENGTH DATA ELEMENTS--GENERAL INFORMATION |
| fixed length control field |
151006b xxu||||| |||| 00| 0 eng d |
| 040 ## - CATALOGING SOURCE |
| Transcribing agency |
RUA |
| 082 ## - DEWEY DECIMAL CLASSIFICATION NUMBER |
| Classification number |
AVM KEO 2006 B076 Or.1 |
| 100 ## - MAIN ENTRY--PERSONAL NAME |
| 9 (RLIN) |
2203 |
| Personal name |
KEO, SOPHORN. |
| 245 ## - TITLE STATEMENT |
| Title |
Effect of dry amaranth utilization in feed ingredient on broiler quail's growth at research farm of rua, ការសិក្សាលើការប្រើប្រាស់ផ្ទីដូងក្រៀមជាចំណីផ្សំទៅលើការលូតលាស់របស់ក្រូចនៅស្ថានីយ៍ចិញ្ចឹមសត្វនៃសាកលវិទ្យល័យភូមិន្ទកសិកម្ម |
| 260 ## - PUBLICATION, DISTRIBUTION, ETC. (IMPRINT) |
| Place of publication, distribution, etc. |
Phnom Penh |
| Name of publisher, distributor, etc. |
RUA |
| Date of publication, distribution, etc. |
2006 |
| 300 ## - PHYSICAL DESCRIPTION |
| Extent |
39p. |
| Other physical details |
ill. |
| Dimensions |
29cm. |
| 942 ## - ADDED ENTRY ELEMENTS (KOHA) |
| Source of classification or shelving scheme |
|
| Koha item type |
AVM |